Loading...
| History - European | 0 | 5 | 0 | 0 | 50 | 81 | 91.80 | 0 | 0 | 0.00 | 0.00 |
| Literature - American | 0 | 5 | 0 | 0 | 50 | 65 | 92.60 | 1 | 3 | 0.00 | 0.00 |
| Social Science | 0 | 4 | 0 | 0 | 40 | 49 | 83.00 | 1 | 1 | 0.00 | 0.00 |
| Literature - European | 0 | 4 | 0 | 1 | 40 | 101 | 109.25 | 0 | 0 | 0.00 | 0.00 |
| Religion | 0 | 4 | 0 | 2 | 40 | 54 | 85.50 | 1 | 2 | 0.00 | 0.00 |
| History - American | 0 | 3 | 0 | 1 | 30 | 72 | 87.33 | 0 | 1 | 0.00 | 0.00 |
| Literature - World | 0 | 3 | 0 | 1 | 30 | 63 | 84.67 | 0 | 0 | 0.00 | 0.00 |
| Science - Biology | 0 | 3 | 0 | 3 | 30 | 104 | 106.00 | 0 | 0 | 0.00 | 0.00 |
| Current Events | 0 | 3 | 0 | 2 | 30 | 75 | 98.67 | 0 | 0 | 0.00 | 0.00 |
| History - Other | 0 | 3 | 1 | 1 | 25 | 102 | 106.00 | 0 | 1 | 0.00 | 0.00 |
| Popular Culture | 0 | 2 | 0 | 0 | 20 | 48 | 52.00 | 1 | 1 | 0.00 | 0.00 |
| Geography | 0 | 2 | 0 | 0 | 20 | 16 | 31.50 | 1 | 1 | 0.00 | 0.00 |
| Fine Arts - Other | 0 | 2 | 0 | 1 | 20 | 110 | 114.00 | 0 | 0 | 0.00 | 0.00 |
| History - World | 0 | 2 | 0 | 1 | 20 | 106 | 106.50 | 0 | 0 | 0.00 | 0.00 |
| Literature - British | 0 | 2 | 0 | 1 | 20 | 73 | 92.00 | 0 | 1 | 0.00 | 0.00 |
| Science - Physics | 0 | 2 | 0 | 2 | 20 | 105 | 106.50 | 0 | 0 | 0.00 | 0.00 |
| Science - Chemistry | 0 | 2 | 0 | 2 | 20 | 96 | 97.00 | 0 | 0 | 0.00 | 0.00 |
| Fine Arts - Painting and Sculpture | 0 | 2 | 0 | 0 | 20 | 105 | 111.50 | 0 | 0 | 0.00 | 0.00 |
| Fine Arts - Classical Music | 0 | 2 | 1 | 0 | 15 | 92 | 101.00 | 1 | 1 | 0.00 | 0.00 |
| Mythology | 0 | 1 | 0 | 0 | 10 | 69 | 69.00 | 0 | 1 | 0.00 | 0.00 |
| Science - Other | 0 | 1 | 1 | 1 | 5 | 123 | 123.00 | 0 | 0 | 0.00 | 0.00 |
| Philosophy | 0 | 0 | 0 | 0 | 0 | 0.00 | 0 | 0 | 0.00 | 0.00 |